60 Questions for 60 Years of James Bond - Statistics

General Stats
  • This quiz has been taken 121 times
    110 since last reset
  • The average score is 39 of 60
Answer Stats
Question Answer % Correct
004 What was the name of the first Bond movie, released in 1962? Dr. No
95%
007 Who was chosen to be the first cinematic James Bond? Sean Connery
94%
011 What was the name of the second film, released in 1963? From Russia With Love
90%
014 Which car brand, now famous for its association with James Bond,made its first Bond film appearance in Goldfinger? Aston Martin
88%
016 You Only Live Twice mostly takes place in which country? Japan
86%
018 Who played Bond only once, in On Her Majesty’s Secret Service? George Lazenby
85%
005 The film was mostly set on, and filmed on, which island? Jamaica
85%
020 In which 1971 film did Sean Connery return to play James Bond? Diamonds Are Forever
82%
025 Which memorable henchman did Richard Kiel play in two films? Jaws
82%
040 Who played M for the first time in that film? Dame Judi Dench
81%
035 Who became the series’ fourth James Bond in 1987? Timothy Dalton
78%
022 Who performed the title song for the film Live And Let Die? Paul McCartney & Wings
77%
042 Which nuclear physicist was played by Denise Richards? Dr. Christmas Jones
76%
032 Which 1983 Roger Moore movie was mostly set in India? Octopussy
76%
054 Who performed the theme song for Skyfall? Adele
74%
023 Who played the title character in The Man With The Golden Gun? Christopher Lee
74%
039 What was the first film to feature Pierce Brosnan as James Bond? Goldeneye
74%
060 What was the last film to star Daniel Craig as James Bond? No Time To Die
74%
021 What was the name of the Bond girl played by Jane Seymour? Solitaire
74%
034 What was the final film to feature him as James Bond? A View To A Kill
73%
048 Which villain was played by Mads Mikkelsen in Casino Royale? Le Chiffre
73%
043 Which was the final film to feature Desmond Llewelyn as ‘Q’? The World Is Not Enough
73%
036 Which group recorded the theme song for The Living Daylights? A-ha
72%
019 Who memorably sang ‘We Have All The Time In The World’? Louis Armstrong
72%
044 Who song the Die Another Day theme and cameoed in the film? Madonna
72%
033 How many Bond films did Roger Moore star in, in total? Seven
72%
056 What was the first Bond film to take over $1billion at the box office? Skyfall
72%
046 In which film was John Cleese credited as Q? Die Another Day
71%
049 Which actress played the iconic Bond girl Vesper Lynd? Eva Green
71%
050 Jeffrey Wright made three appearances as which character? Felix Leiter
71%
001 Who partnered Albert R. ‘Cubby’ Broccoli to produce the first films? Harry Saltzman
71%
055 Daniel Craig played Bond in a short film alongside whom, as part of the 2012 Summer Olympic Games Opening Ceremony? Queen Elizabeth II
71%
058 Sam Smith performed ‘The Writing’s On The Wall’ for which film? Spectre
71%
041 Brosnan drove cars by which manufacturer in his first three films? BMW
67%
012 Which British vocalist recorded the film’s theme song? Matt Monro
67%
028 Which singer performed the title song for the 1979 film Moonraker? Shirley Bassey
67%
031 Who played two different Bond girls in two different Moore-era movies? Maud Adams
64%
013 Who played the eponymous villain in the 1964 film Goldfinger? Gert Fröbe
63%
045 What was the nickname of NSA agent Giacinta Johnson? Jinx
62%
009 Who arranged it, and composed scores for eleven Bond films? John Barry
62%
008 Who composed the James Bond theme, used from 1962 onwards? Monty Norman
62%
024 Which was the first Bond film that Broccoli produced alone? The Spy Who Loved Me
62%
017 Who played Dikko Henderson and, in a later film, Blofeld? Charles Gray
58%
038 Who sang the film’s title song? Gladys Knight
58%
003 Whose name did Broccoli insist appear in the credits of every film? Ian Fleming
58%
030 Janet Brown played which real-life figure in For Your Eyes Only? Margaret Thatcher
56%
026 Which Soviet agent was code named Agent XXX (Triple-X)? Major Anya Amasova
54%
027 Who did Walter Gotell play in several 70s and 80s Bond films? General Gogol
53%
037 Licence To Kill was mostly filmed at studios in which country? Mexico
47%
053 Who did Giancarlo Giannini play in two Craig-era films? René Mathis
47%
029 Who directed a record five James Bond films in the 1980s? John Glen
46%
006 Who directed the first film, helping to set the Bond style? Terence Young
46%
059 Who did Lea Seydoux play in Daniel Craig’s last two films? Dr. Madeleine Swann
45%
057 Who was the oldest Bond girl to date, playing Lucia Sciarra aged 50? Monica Bellucci
44%
052 Who played Agent Fields in Quantum of Solace? Gemma Arterton
42%
047 Who directed the first Bond films of Pierce Brosnan & Daniel Craig? Martin Campbell
40%
051 What was the name of the theme song to Quantum of Solace? Another Way To Die
38%
015 Who was listed as the producer in the credits of Thunderball? Kevin McClory
36%
010 Which American designer created the iconic gun barrel image? Maurice Binder
27%
002 What did they call their holding company, in honour of their wives? Danjaq
22%
No matching quizzes found
Score Distribution
Percent of People with Each Score
Percentile by Number Answered
Your Score History
You have not taken this quiz since the last reset